Paroles intégrales "Spiderman l'Araignée" - Statistiques

Statistiques générales
  • Ce quiz a été pris 27 fois
  • Le résultat moyen est 43 sur 106
Statistiques - réponses
Paroles % Correct
s'
90%
a
75%
L'
75%
l'
75%
Araignée
70%
70%
la
70%
là.
70%
D'
65%
toile
65%
Est
60%
est
60%
un
60%
Et
55%
il
55%
Il
55%
sa
55%
Car
45%
de
45%
les
45%
Dans
40%
des
40%
En
40%
en
40%
On
35%
Si
35%
bien
30%
être
30%
pour
30%
Pour
30%
attend
25%
attraper
25%
brigands
25%
que
25%
sur
25%
fort,
20%
garde !
20%
singulier
20%
Attention !
15%
du
15%
envole
15%
fil
15%
ne
15%
nuit
15%
parfois
15%
Quand
15%
Aussi
10%
éclair
10%
lui,
10%
mystère
10%
nous
10%
protéger
10%
surgit
10%
vite
10%
agressif
5%
apporte
5%
découvre
5%
fait
5%
fit
5%
péril
5%
radioactif
5%
rien
5%
sang
5%
secours
5%
Toujours
5%
y
5%
action
0%
combat
0%
retour
0%
veut
0%
vie
0%
Aucun quiz correspondant
Distribution des résultats
% des personnes avec chaque résultat
Percentile par nombre de réponses
Votre historique - résultats
Vous n’avez pas pris ce quiz